000 00743cam a22002172 4500
001 0000018968
005 20151217161147.0
008 100823s xx 000 0 eng d
020 _a9966707948 :
040 _aKABU
_cKABU
245 1 0 _aNGOs Eastern Africa 2009/10 :
_bdirectory & profiles.
250 _a5th ed.
260 _aNairobi :
_bNew Dawn Media,
_c2009.
300 _a358 p.
650 0 _aHuman services
_vDirectories
_zAfrica, Eastern.
_@0000159478
650 0 _aNon-governmental organizations
_vDirectories
_zAfrica, Eastern.
_@0000159479
650 0 _aNon-profit organizations.
_vDirectories
_zAfrica, Eastern.
_@0000159480
852 1 _9p500 KES
908 _a100823
950 _@1
999 _c15179
_d15179